National development via national service training program : RA 9163 common modules for CWTS, LTS and ROTC / Sonia Gasilla-Dela Cruz, Ed.D., LLB, D.P.A., Paulino M. Mapue, MAEd., LTC German B. Rosales, GSC PA (RES). (Record no. 21326)

000 -LEADER
fixed length control field 00876nam a22002057a 4500
020 ## - INTERNATIONAL STANDARD BOOK NUMBER
ISBN 9786214092826
082 ## - DEWEY DECIMAL CLASSIFICATION NUMBER
Classification number 378.103
Item number G247 2024
100 ## - MAIN ENTRY--AUTHOR NAME
Personal name Gasilla-Dela Cruz, Sonia, author.
245 ## - TITLE STATEMENT
Title National development via national service training program : RA 9163 common modules for CWTS, LTS and ROTC / Sonia Gasilla-Dela Cruz, Ed.D., LLB, D.P.A., Paulino M. Mapue, MAEd., LTC German B. Rosales, GSC PA (RES).
250 ## - EDITION STATEMENT
Edition statement Second edition.
260 ## - PUBLICATION, DISTRIBUTION, ETC. (IMPRINT)
Place of publication Mandaluyong City :
Name of publisher Books Atbp. Publishing Corp.,
Year of publication ©2024.
300 ## - PHYSICAL DESCRIPTION
Number of Pages viii, 253 pages :
Other physical details illustrations ; 22 cm
500 ## - GENERAL NOTE
General note Includes bibliographical references.
650 ## - SUBJECT ADDED ENTRY--TOPICAL TERM
Topical Term Service training -- Philippines.
650 ## - SUBJECT ADDED ENTRY--TOPICAL TERM
Topical Term Student volunteers in social service -- Philippines.
650 ## - SUBJECT ADDED ENTRY--TOPICAL TERM
Topical Term Military education -- Philippines.
700 ## - ADDED ENTRY--PERSONAL NAME
Personal name Mapue, Paulino M.
700 ## - ADDED ENTRY--PERSONAL NAME
Personal name Rosales, German B.
942 ## - ADDED ENTRY ELEMENTS (KOHA)
Koha item type Books
Holdings
Source of acquisition Permanent Location Date acquired Koha item type Collection code Accession Number Lost status Shelving location Withdrawn status Current Location Full call number
SchoolCagayan State University - Carig Library2025-08-29BooksSocial Sciences011132 General Collection Cagayan State University - Carig Library378.103 G247 2024
SchoolCagayan State University - Carig Library2025-08-29BooksSocial Sciences011133 General Collection Cagayan State University - Carig Library378.103 G247 2024
SchoolCagayan State University - Carig Library2025-08-29BooksSocial Sciences011134 General Collection Cagayan State University - Carig Library378.103 G247 2024

Cagayan State University University Library, Carig Campus
Tuguegarao City, Cagayan 3500 | www.csucarig.edu.ph

Powered by Koha